| 000 | 01098nam0a2200301 4500 | ||
|---|---|---|---|
| 001 | RU\NLR\bibl\1316452 | ||
| 005 | 20250615155501.0 | ||
| 010 |
_a978-5-389-00335-4 _950000 |
||
| 021 |
_aRU _b2008-91216 _95332 |
||
| 035 | _a(NLR Aleph) 001301832 | ||
| 090 |
_a624232 _c624232 |
||
| 100 | _a20090116d2008 |||y0rusy50 ca | ||
| 101 | 0 | _arus | |
| 102 | _aRU | ||
| 105 | _ay ||||||||| | ||
| 200 | 1 |
_aДомовой _e[роман-прототип культового фильма] _fАнтон Праченко |
|
| 205 |
_a[Полная версия _bбез цензуры и страха] |
||
| 210 |
_aМосква _cКолибри _d2008 |
||
| 215 |
_a253, [1] с. _d19 |
||
| 300 | _aПо мотивам фильма "Домовой" (реж. Карен Оганесян, авт. сценария Олег Маловиченко и Сергей Юдаков) | ||
| 686 | _aШ6(2=Р)75-446 | ||
| 700 | 1 |
_aПраченко _bА. _gАнтон _4070 |
|
| 801 | 0 |
_aRU _bNLR _c20090116 _gRCR |
|
| 801 | 1 |
_aRU _bNLR _c20090116 |
|
| 942 | _cBOOK | ||
| 980 | _aNB | ||